000 01285nam a22003737a 4500
003 CHAP
005 20220329141306.0
008 971010s1979 r 00010 d
010 _a65895
011 _a66867
035 _a75849
040 _cCHAP
090 _aTesis
100 0 0 _aMendoza Rodríguez, Moisés.
_974734
245 _aHíbridos ecológicos de sorgo (Sorghum bicolor (L.) Moech)
260 _aChapingo, Méx. :
_bEl autor,
_c1979
300 _a60 h.
_b; láms.
502 _aTesis (Ing. Agr. Esp. en Fitotecnia) -- UACH. Departamento de Fitotecnia
590 _aALEPH
_b10
_c20130110
_lUCH01
_h1359
590 _aBATCH-UPD
_b10
_c20130110
_lUCH01
_h0120
590 _aBATCH-UPD
_b10
_c20130110
_lUCH01
_h1944
590 _aBATCH-UPD
_b10
_c20130409
_lUCH01
_h2113
590 _aBATCH-UPD
_b10
_c20130410
_lUCH01
_h1306
590 _aBATCH-UPD
_b10
_c20130914
_lUCH01
_h1812
590 _aCONVERSION
_b10
_c20130109
_lUCH01
_h1336
650 1 4 _aSorgo
_xEfecto del medio ambiente.
_9108658
650 1 4 _aSorgo
_xHíbridos.
_9108681
901 _aBK
942 _cFOLL
949 _bBC
_cTES
_d-147466
_eTS1
_i75849
_si
949 _bBC
_cTES
_d-147467
_eTS2
_fc.2
_i75849
_si
949 _bBC
_cTES
_d-147468
_eTS2
_fc.3
_h21642
_i75849
_si
949 _bZA
_cTESBD
_d-8837
_eTS1
_h237
_i75849
_si
999 _c65895
_d65895